Najwyższe szczyty państw Europy - Statystyki

Ogólne statystyki
  • Ten quiz został rozwiązany 28 razy
  • Średni wynik to 8 z 20
Statystyki odpowiedzi
Podpowiedź Odpowiedź % Poprawnych
Polska Rysy
96%
Francja Mont Blanc
92%
Włochy Mont Blanc
92%
Słowacja Gerlach
77%
Czechy Śnieżka
69%
Rosja Elbrus
50%
Niemcy Zugspitze
46%
Wielka Brytania Ben Nevis
38%
Rumunia Moldoveanu
27%
Bułgarii Musała
27%
Portugalii Pico
27%
Szwajcaria Dufourspitze
23%
Szwecja Kebnekaise
15%
Irlania Carrantuohill
12%
Norwegia Galdhopiggen
12%
Ukraina Hoverla
12%
Serbia Midżur
12%
Finlandia Haltiatunturi
8%
Islandia Hvannadalshnukur
8%
Hiszpania Pico de Teide
8%
Nie znaleziono quizów pasujących do podanych kryteriów
Rozkład punktacji
Procent ludzi z każdym wynikiem
Percentyl według liczby udzielonych odpowiedzi
Twoja historia wyników
Nie rozwiązałeś tego quizu